|
|
|
|
| LEADER |
01877nam a2200421 i 4500 |
| 001 |
EBC4717439 |
| 003 |
MiAaPQ |
| 005 |
20200520144314.0 |
| 006 |
m o d | |
| 007 |
cr cnu|||||||| |
| 008 |
161026t20162016it o 000 0 ita d |
| 020 |
|
|
|z 9788892105386
|
| 020 |
|
|
|a 9788892162143
|q (electronic bk.)
|
| 035 |
|
|
|a (MiAaPQ)EBC4717439
|
| 035 |
|
|
|a (Au-PeEL)EBL4717439
|
| 035 |
|
|
|a (CaPaEBR)ebr11282663
|
| 035 |
|
|
|a (OCoLC)961064547
|
| 040 |
|
|
|a MiAaPQ
|b eng
|e rda
|e pn
|c MiAaPQ
|d MiAaPQ
|
| 050 |
|
4 |
|a HD58.9
|b .A445 2016
|
| 082 |
0 |
|
|a 658.4013
|2 23
|
| 100 |
1 |
|
|a Alfiero, Simona,
|e author.
|
| 245 |
1 |
0 |
|a Sistemi di rilevazione e misurazione delle performance aziendali :
|b Casi ed esercitazioni /
|c Simona Alfiero, Melchiorre Gromis Di Trana, Francesco Venuti.
|
| 250 |
|
|
|a Terza edizione.
|
| 264 |
|
1 |
|a [Turin, Italy] :
|b G. Giappichelli Editore,
|c 2016.
|
| 264 |
|
4 |
|c 2016
|
| 300 |
|
|
|a 1 online resource (257 pages)
|
| 336 |
|
|
|a text
|2 rdacontent
|
| 337 |
|
|
|a computer
|2 rdamedia
|
| 338 |
|
|
|a online resource
|2 rdacarrier
|
| 588 |
|
|
|a Description based on online resource; title from PDF title page (ebrary, viewed October 25, 2016).
|
| 590 |
|
|
|a Electronic reproduction. Ann Arbor, MI : ProQuest, 2016. Available via World Wide Web. Access may be limited to ProQuest affiliated libraries.
|
| 650 |
|
0 |
|a Organizational effectiveness
|x Measurement.
|
| 655 |
|
4 |
|a Electronic books.
|
| 700 |
1 |
|
|a Di Trana, Melchiorre Gromis,
|e author.
|
| 700 |
1 |
|
|a Venuti, Francesco,
|e author.
|
| 776 |
0 |
8 |
|i Print version:
|a Alfiero, Simona.
|t Sistemi di rilevazione e misurazione delle performance aziendali : Casi ed esercitazioni.
|b Terza edizione.
|d [Turin, Italy] : G. Giappichelli Editore, c2016
|h xii, 237 pages
|z 9788892105386
|
| 797 |
2 |
|
|a ProQuest (Firm)
|
| 856 |
4 |
0 |
|u https://ebookcentral.proquest.com/lib/matrademy/detail.action?docID=4717439
|z Click to View
|